European occupier survey 2007 (Record no. 107305)

MARC details
000 -LEADER
fixed length control field 01088cam a22002055a 4500
001 - CONTROL NUMBER
control field L139472
008 - FIXED-LENGTH DATA ELEMENTS--GENERAL INFORMATION
fixed length control field 070727s2007 xxkd f s 000 0 eng d
035 ## - SYSTEM CONTROL NUMBER
System control number (Sirsi) u139472
041 0# - LANGUAGE CODE
Language code of text/sound track or separate title eng
050 04 - LIBRARY OF CONGRESS CALL NUMBER
Classification number 333.33 $2 18
110 2# - MAIN ENTRY--CORPORATE NAME
Corporate name or jurisdiction name as entry element Nelson Bakewell
9 (RLIN) 2525
245 00 - TITLE STATEMENT
Title European occupier survey 2007
Medium [electronic resource]
260 ## - PUBLICATION, DISTRIBUTION, ETC.
Place of publication, distribution, etc. London
Name of publisher, distributor, etc. NB Real Estate
Date of publication, distribution, etc. 2007
520 ## - SUMMARY, ETC.
Summary, etc. Presents an overview of European economies. Real estate markets are examined. It is aimed at property and business executives, and intended as a base level guide to economic and real estate activity. The 42 European countries are examined in turn and an overview is presented. Major national and regional infrastructure projects are described. These are likely to stimulate new economic activity and increase the demand for real estate.
590 ## - LOCAL NOTE (RLIN)
Local note KA
651 #4 - SUBJECT ADDED ENTRY--GEOGRAPHIC NAME
Geographic name United Kingdom
Chronological subdivision
690 ## - LOCAL SUBJECT ADDED ENTRY--TOPICAL TERM (OCLC, RLIN)
Topical term or geographic name as entry element PROPERTY-COMMERCIAL PROPERTY-COMMERCIAL PROPERTY MARKET
856 40 - ELECTRONIC LOCATION AND ACCESS
Uniform Resource Identifier <a href="https://www.nelson-bakewell.com/Company/research.aspx">https://www.nelson-bakewell.com/Company/research.aspx</a>
Public note View the item free of charge at www.nelson-bakewell.com...
942 ## - ADDED ENTRY ELEMENTS (KOHA)
Suppress in OPAC 0
Holdings
Withdrawn status Lost status Source of classification or shelving scheme Damaged status Not for loan Home library Current library Shelving location Date acquired Total Checkouts Full call number Barcode Date last seen Copy number Price effective from Koha item type
    Dewey Decimal Classification     Virtual Virtual Online 27/07/2007   ONLINE PUBLICATION 139472-1001 06/08/2019 1 06/08/2019 Book